书目信息 |
| 题名: |
英汉互译实用教程 (修订第三版) 学习指导手册
|
|
| 作者: | 郭著章 编 | |
| 分册: | ||
| 出版信息: | 武汉 武汉大学出版社 2004.04 |
|
| 页数: | 209页 | |
| 开本: | 20cm | |
| 丛书名: | ||
| 单 册: | ||
| 中图分类: | H315.9 | |
| 科图分类: | ||
| 主题词: | 英语--ying yu--翻译--自学参考资料 | |
| 电子资源: | ||
| ISBN: | 7-307-04132-4 | |
| 000 | 01041nam0 2200241 450 | |
| 001 | 010252719421 | |
| 005 | 20050521143839.42 | |
| 010 | @a7-307-04132-4@d10.00CNY | |
| 100 | @a20050521d2004 km y0chiy0120 ea | |
| 101 | 0 | @achi@aeng |
| 102 | @aCN@b420000 | |
| 105 | @ay z 000yy | |
| 200 | 1 | @a英汉互译实用教程 (修订第三版) 学习指导手册@Aying han hu yi shi yong jiao cheng(xiu ding di san ban)xue xi zhi dao shou ce@d= A handbook for the study of a practical course in translation between English and Chinese@f郭著章编@Fguo zhu zhang bian@zeng |
| 205 | @a第2版 | |
| 210 | @a武汉@c武汉大学出版社@d2004.04 | |
| 215 | @a209页@d20cm | |
| 330 | @a本书是大学英语专业本科教材的辅导书籍,给出了教材中翻译练笔素材的译文、考试样题及考试重点复习内容的指导等。 | |
| 510 | 1 | @aHandbook for the study of a practical course in translation between English and Chinese@zeng |
| 606 | 0 | @a英语@Aying yu@x翻译@x自学参考资料 |
| 690 | @aH315.9@v4 | |
| 701 | 0 | @a郭著章@Aguo zhu zhang@4编 |
| 801 | 0 | @aCN@bRULIN@c20050521 |
| 905 | @a10447@dH315.9@eG879 | |
| 英汉互译实用教程 (修订第三版) 学习指导手册= A handbook for the study of a practical course in translation between English and Chinese/郭著章编.-第2版.-武汉:武汉大学出版社,2004.04 |
| 209页;20cm |
| ISBN 7-307-04132-4:10.00CNY |
| 本书是大学英语专业本科教材的辅导书籍,给出了教材中翻译练笔素材的译文、考试样题及考试重点复习内容的指导等。 |
| ● |
| 相关链接 |
|
|
|
正题名:英汉互译实用教程 (修订第三版) 学习指导手
索取号:H315.9/G879
 
预约/预借
| 序号 | 登录号 | 条形码 | 馆藏地/架位号 | 状态 | 备注 |
| 1 | 522043 | 205220438 | 语言库209/209语言库 9排2列3层/ [索取号:H315.9/G879] | 在馆 | |
| 2 | 522044 | 205220447 | 语言库209/209语言库 9排2列3层/ [索取号:H315.9/G879] | 在馆 | |
| 3 | 522045 | 205220456 | 语言库209/209语言库 9排2列3层/ [索取号:H315.9/G879] | 在馆 |